| 000 | 00986cab a22001935a 4500 | ||
|---|---|---|---|
| 001 | L152208 | ||
| 008 | 110210e20110128xxk 000 0 eng d | ||
| 035 | _a(Sirsi) u152208 | ||
| 041 | 0 | _aeng | |
| 100 | 1 | _aSandher, Hardeep | |
| 245 | 0 | 0 |
_aMarkets _bNorth-east |
| 260 | _c2011 | ||
| 490 | 0 |
_aProperty Week _v77(4) 28 January 2011, 43-50(5) |
|
| 520 | _aNewcastle City Council to invest in East Pilgrim Street and Stephenson Quarter schemes. One North East has been replaced by two local enterprise partnerships and the North East Economic Partnership. Durham office glut signals the beginning of the end for enterprise zones in the region. Newcastle's Eldon Square extension gives retailers opportunities to upsize. Redundant Federation Brewery site in Gateshead to be sold by Heneken UK. Durham Ice Rink redeveloper shortlist about to be announced. | ||
| 590 | _aKA | ||
| 651 | 4 |
_aEngland _y886- |
|
| 690 | _aPROPERTY-COMMERCIAL PROPERTY-COMMERCIAL PROPERTY MARKET | ||
| 942 | _n0 | ||
| 999 |
_c82914 _d82914 |
||